<?xml version="1.0" encoding="UTF-8"?>
<record
    xmlns:xsi="http://www.w3.org/2001/XMLSchema-instance"
    xsi:schemaLocation="http://www.loc.gov/MARC21/slim http://www.loc.gov/standards/marcxml/schema/MARC21slim.xsd"
    xmlns="http://www.loc.gov/MARC21/slim">

  <leader>02000nam a2200277 i 4500</leader>
  <controlfield tag="003">DO-SdBNP</controlfield>
  <controlfield tag="005">20231107080912.0</controlfield>
  <controlfield tag="006">a||||br|||| 00| 0 </controlfield>
  <controlfield tag="007">ta</controlfield>
  <controlfield tag="008">231101e1977    dr ad||| |||| 00| 0 spa d</controlfield>
  <datafield tag="040" ind1=" " ind2=" ">
    <subfield code="a">DO-SdBNP</subfield>
    <subfield code="b">spa</subfield>
    <subfield code="c">BNPHU</subfield>
    <subfield code="e">rda</subfield>
  </datafield>
  <datafield tag="082" ind1=" " ind2="4">
    <subfield code="2">22</subfield>
    <subfield code="b">R426pro</subfield>
  </datafield>
  <datafield tag="110" ind1="1" ind2=" ">
    <subfield code="a">Rep&#xFA;blica Dominicana.</subfield>
    <subfield code="b">Ministerio de Educaci&#xF3;n, Bellas Artes y Cultos</subfield>
    <subfield code="9">57024</subfield>
    <subfield code="e">autor</subfield>
  </datafield>
  <datafield tag="245" ind1="1" ind2="0">
    <subfield code="a">Programas de primero y segundo cursos:</subfield>
    <subfield code="b">educaci&#xF3;n primaria. /</subfield>
    <subfield code="c">Presentaci&#xF3;n, Leonardo Matos Berrido.</subfield>
  </datafield>
  <datafield tag="264" ind1=" " ind2=" ">
    <subfield code="a">Santo Domingo :</subfield>
    <subfield code="b">Secretar&#xED;a de Educaci&#xF3;n, Bellas Artes y Cultos,</subfield>
    <subfield code="c">1977</subfield>
  </datafield>
  <datafield tag="300" ind1=" " ind2=" ">
    <subfield code="a">268 p&#xE1;ginas :</subfield>
    <subfield code="b">Ilustraciones, gr&#xE1;ficas ;</subfield>
    <subfield code="c">27 cm.</subfield>
  </datafield>
  <datafield tag="336" ind1=" " ind2=" ">
    <subfield code="2">rdacontent</subfield>
    <subfield code="a">texto</subfield>
    <subfield code="b">txt</subfield>
  </datafield>
  <datafield tag="337" ind1=" " ind2=" ">
    <subfield code="2">rdamedia</subfield>
    <subfield code="a">sin mediaci&#xF3;n</subfield>
    <subfield code="b">n</subfield>
  </datafield>
  <datafield tag="338" ind1=" " ind2=" ">
    <subfield code="2">rdacarrier</subfield>
    <subfield code="a">volumen</subfield>
    <subfield code="b">nc</subfield>
  </datafield>
  <datafield tag="500" ind1=" " ind2=" ">
    <subfield code="a">Portada: Mural de Velaz Zanetti que se encuentra en la Secretar&#xED;a de Estado de Educaci&#xF3;n, Bellas Artes y Cultos. </subfield>
  </datafield>
  <datafield tag="504" ind1=" " ind2=" ">
    <subfield code="a">Bibliograf&#xED;a: p&#xE1;gina, 268</subfield>
  </datafield>
  <datafield tag="505" ind1=" " ind2=" ">
    <subfield code="a">Presentaci&#xF3;n. /</subfield>
    <subfield code="r">Dr. Leonardo Matos Berrido.--</subfield>
    <subfield code="t">Ordenanza No. 177 que establece el marco conceptual de la Educaci&#xF3;n Primaria.--</subfield>
    <subfield code="t">Ordenanza No. 177 que establece el nuevo curr&#xED;culo para la Educaci&#xF3;n Primaria Nacional.--</subfield>
    <subfield code="t">Fundamentaci&#xF3;n y Estructuraci&#xF3;n.--</subfield>
    <subfield code="t">Comisi&#xF3;n elaboradora.--</subfield>
    <subfield code="t">El lenguaje al Servicio de la Comunicaci&#xF3;n. 1er. Curso--</subfield>
    <subfield code="t">El lenguaje al Servicio de la Comunicaci&#xF3;n. 2do. Curso--</subfield>
    <subfield code="t">Matem&#xE1;tica Primer Curso.--</subfield>
    <subfield code="t">Matem&#xE1;tica Segundo Curso.--</subfield>
    <subfield code="t">Estudios Sociales Primer Curso.--</subfield>
    <subfield code="t">Estudios Sociales Segundo Curso.--</subfield>
    <subfield code="t">Religi&#xF3;n.--</subfield>
    <subfield code="t">La Naturaleza y sus Manifestaciones - Primer Curso.--</subfield>
    <subfield code="t">La Naturaleza y sus Manifestaciones - Segundo Curso.--</subfield>
    <subfield code="t">Actividades Manuales y Artes Expresivas (Artes Pl&#xE1;sticas y Educaci&#xF3;n Musical). Primer Curso.--</subfield>
    <subfield code="t">Educaci&#xF3;n Musical Primer Curso.--</subfield>
    <subfield code="t">Educaci&#xF3;n Musical Primer Curso.--</subfield>
    <subfield code="t">Educaci&#xF3;n Musical Segundo Curso.--</subfield>
    <subfield code="t">Educaci&#xF3;n F&#xED;sica.--</subfield>
    <subfield code="t">Bibliograf&#xED;a.</subfield>
  </datafield>
  <datafield tag="590" ind1=" " ind2=" ">
    <subfield code="a">Inventariado 2023 / MF</subfield>
  </datafield>
  <datafield tag="700" ind1="1" ind2=" ">
    <subfield code="a">Matos Berrido, Leonardo,</subfield>
    <subfield code="9">24949</subfield>
    <subfield code="e">presentaci&#xF3;n</subfield>
  </datafield>
  <datafield tag="942" ind1=" " ind2=" ">
    <subfield code="2">ddc</subfield>
    <subfield code="c">LBS1</subfield>
  </datafield>
  <datafield tag="952" ind1=" " ind2=" ">
    <subfield code="0">0</subfield>
    <subfield code="1">0</subfield>
    <subfield code="2">ddc</subfield>
    <subfield code="5">1</subfield>
    <subfield code="7">0</subfield>
    <subfield code="8">PD</subfield>
    <subfield code="a">BNPHU</subfield>
    <subfield code="b">BNPHU</subfield>
    <subfield code="c">CT</subfield>
    <subfield code="d">2014-12-01</subfield>
    <subfield code="e">Donado por Barbara Suncar</subfield>
    <subfield code="l">0</subfield>
    <subfield code="o">R426pro</subfield>
    <subfield code="p">2023-7523</subfield>
    <subfield code="r">2023-11-01</subfield>
    <subfield code="w">2023-11-01</subfield>
    <subfield code="y">LBS1</subfield>
  </datafield>
  <datafield tag="999" ind1=" " ind2=" ">
    <subfield code="c">55364</subfield>
    <subfield code="d">55364</subfield>
  </datafield>
</record>
